000 00627cam a2200229 a 4500
001 1423017
005 20180206035720.0
008 840130s1984 maua b 001 0 eng
010 _a 84000404
020 _a0884107299
040 _aDLC
_cDLC
_dDLC
041 _aeng
043 _an-us---
_aa-ja---
080 _a658.4 GRA
082 0 0 _a658.4 GRA
_219
100 1 _a54
101 _aMEN
245 1 0 _aSmart bargaining :
_cJohn L. Graham, Yoshihiro Sano.
504 _aIncludes bibliographies and index.
906 _a7
_bcbc
_corignew
_d1
_eocip
_f19
_gy-gencatlg
942 _2ddc
_cBK
999 _c41869
_d41869